O califa cegonha (Record no. 13156)

MARC details
000 -LÍDER
campo de controle de tamanho fixo 00365 a2200169 4500
001 - NÚMERO DE CONTROLE
campo de controle 13156
020 ## - ISBN - INTERNATIONAL STANDARD BOOK NUMBER
ISBN - International Standard Book Number 9788526012066
040 ## - FONTE DA CATALOGAÇÃO
Instituição que transcreveu o registro Anchieta - Aquarius
100 ## - ENTRADA PRINCIPAL--NOME PESSOAL
Nome pessoal Hauff, Wilhelm
240 10 - TÍTULO UNIFORME
Título uniforme O califa cegonha
Idioma da obra por
245 10 - TÍTULO
Título O califa cegonha
300 ## - DESCRIÇÃO FÍSICA
Extensão
362 0# - DATAS DE PUBLICAÇÃO E/OU DESIGNAÇÃO SEQUENCIAL
Datas de publicação e/ou designação sequencial 2007
440 #1 - DECLARAÇÃO DE SÉRIE/ENTRADA ADICIONADA--TÍTULO
Título Global
650 #4 - ASSUNTO--TERMO TÓPICO
Cabeçalho tópico ou nome geográfico Literatura infanto-juvenil
942 ## - ELEMENTOS DE ENTRADA ADICIONADOS (KOHA)
Tipo de material Koha Livros
Holdings
Situação do descarte Situação das perdas Situação física Não pode ser emprestado Biblioteca de origem Biblioteca atual Data de aquisição Total de empréstimos Número de chamada completo Código de barras Data de último acesso Data do último empréstimo Data do preço efetivo Tipo de material Koha
        Canadian School of Niterói - Piratininga Canadian School of Niterói - Piratininga 09/02/2024   HAU / Reserva técnica A17387 09/02/2024   09/02/2024 Livros
        Canadian School of Niterói - Piratininga Canadian School of Niterói - Piratininga 09/02/2024   HAU / Reserva técnica A10145 09/02/2024   09/02/2024 Livros
        Canadian School of Niterói - Piratininga Canadian School of Niterói - Piratininga 09/02/2024   HAU / Reserva técnica A10143 09/02/2024   09/02/2024 Livros
        Canadian School of Niterói - Piratininga Canadian School of Niterói - Piratininga 09/02/2024   HAU / Reserva técnica A10144 09/02/2024   09/02/2024 Livros
        Colégio São Paulo Colégio São Paulo 22/11/2023   LI 028.5 M149c 6845/CSP 22/11/2023   22/11/2023 Livros
        Colégio Anchieta - Aquarius Inspira 21/11/2023 1 028.5 MAC CAL 4589/AQU 21/11/2023 21/11/2023 21/11/2023 Livros